000 00316nam a2200133Ia 4500
005 20260328101504.0
008 260328s9999||||xx |||||||||||||| ||und||
100 _aSharp, Dennis
245 0 _aSantiago Calatrava /
_cDennis Sharp
260 _bE. & F.N. Spon
300 _a96 p.
650 _aARQUITECTOS
942 _cBK
999 _c8990
_d8990